Just in time, Abraham Lincoln / (Record no. 8446)

MARC details
000 -LEADER
fixed length control field 01703cam a2200421 a 4500
001 - CONTROL NUMBER
control field 8446
003 - CONTROL NUMBER IDENTIFIER
control field FISKH
005 - DATE AND TIME OF LATEST TRANSACTION
control field 20260319163630.0
008 - FIXED-LENGTH DATA ELEMENTS--GENERAL INFORMATION
fixed length control field 100621s2011 nyua b b 000 1 eng
010 ## - LIBRARY OF CONGRESS CONTROL NUMBER
LC control number 2010023200
020 ## - INTERNATIONAL STANDARD BOOK NUMBER
International Standard Book Number 9780399254710
020 ## - INTERNATIONAL STANDARD BOOK NUMBER
International Standard Book Number 9780545422574
035 ## - SYSTEM CONTROL NUMBER
System control number 16295533
040 ## - CATALOGING SOURCE
Original cataloging agency DLC
Transcribing agency DLC
Modifying agency DLC
Language of cataloging eng
050 ## - LIBRARY OF CONGRESS CALL NUMBER
Classification number PZ7.P75186 J
082 ## - DEWEY DECIMAL CLASSIFICATION NUMBER
Classification number 277
100 1# - MAIN ENTRY--PERSONAL NAME
Personal name Polacco, Patricia.
245 10 - TITLE STATEMENT
Title Just in time, Abraham Lincoln /
Statement of responsibility, etc. Patricia Polacco.
250 ## - EDITION STATEMENT
Edition statement First Scholastic printing, January 2012
260 ## - PUBLICATION, DISTRIBUTION, ETC.
Place of publication, distribution, etc. New York :
Name of publisher, distributor, etc. Scholastic,
Date of publication, distribution, etc. 2011.
300 ## - PHYSICAL DESCRIPTION
Extent 48 unnumbered pages :
Other physical details color illustrations ;
Dimensions 28 cm
504 ## - BIBLIOGRAPHY, ETC. NOTE
Bibliography, etc. note Includes bibliographical references.
505 ## - FORMATTED CONTENTS NOTE
Formatted contents note R<br/>
520 ## - SUMMARY, ETC.
Summary, etc. When two brothers visit a museum in Harper's Ferry, West Virginia, with their grandmother, they find themselves in a very realistic Civil War setting where they see the Antietam battlefield and meet historical figures from the aftermath of that momentous battle. Includes author's note on the Battle of Antietam.
521 8# - TARGET AUDIENCE NOTE
Target audience note 730<br/>
Source Lexile <br/>
521 8# - TARGET AUDIENCE NOTE
Target audience note R<br/>
Source Raz-Plus<br/>
600 10 - SUBJECT ADDED ENTRY--PERSONAL NAME
Personal name Lincoln, Abraham,
Dates associated with a name 1809-1865
Form subdivision Juvenile fiction.
600 11 - SUBJECT ADDED ENTRY--PERSONAL NAME
Personal name Lincoln, Abraham,
Dates associated with a name 1809-1865
Form subdivision Fiction.
650 #0 - SUBJECT ADDED ENTRY--TOPICAL TERM
Topical term or geographic name entry element Antietam, Battle of, Md., 1862
Form subdivision Juvenile fiction.
650 #1 - SUBJECT ADDED ENTRY--TOPICAL TERM
Topical term or geographic name entry element Antietam, Battle of, Md., 1862
Form subdivision Fiction.
650 #1 - SUBJECT ADDED ENTRY--TOPICAL TERM
Topical term or geographic name entry element Brothers
Form subdivision Fiction.
651 #0 - SUBJECT ADDED ENTRY--GEOGRAPHIC NAME
Geographic name Maryland
General subdivision History
Chronological subdivision Civil War, 1861-1865
Form subdivision Juvenile fiction.
651 #1 - SUBJECT ADDED ENTRY--GEOGRAPHIC NAME
Geographic name Maryland
General subdivision History
Chronological subdivision Civil War, 1861-1865
Form subdivision Fiction.
651 #1 - SUBJECT ADDED ENTRY--GEOGRAPHIC NAME
Geographic name United States
General subdivision History
Chronological subdivision Civil War, 1861-1865
Form subdivision Fiction.
906 ## - LOCAL DATA ELEMENT F, LDF (RLIN)
a 7
b cbc
c orignew
d 1
e ecip
f 20
g y-gencatlg
942 ## - ADDED ENTRY ELEMENTS (KOHA)
Source of classification or shelving scheme Dewey Decimal Classification
Koha item type Books
Suppress in OPAC No
Holdings
Withdrawn status Lost status Source of classification or shelving scheme Damaged status Not for loan Collection Home library Current library Shelving location Date acquired Total Checkouts Full call number Barcode Date last seen Copy number Price effective from Koha item type
    Dewey Decimal Classification     Juvenile Fiction Footprints International School Library Network Toul Tom Poung Campus Footprints International School Library Network Toul Kork Campus TTP Primary Orange Bookshelves 09/12/2025   POL 277 PZ7.P75186 J FIS01534 09/12/2025 1 09/12/2025 Books
    Dewey Decimal Classification     Juvenile Fiction Footprints International School Library Network Toul Tom Poung Campus Footprints International School Library Network Toul Tom Poung Campus TTP Primary Orange Bookshelves 03/19/2026   POL 277 PZ7.P75186 J FISBK05071 03/19/2026 2 03/19/2026 Books